• 首页
  • 本馆介绍
  • 公告通知
  • 最新文献
  • 馆藏检索
  • 电子资源
  • 读者导购
  • 参考咨询
  • 我的图书馆
  • 登录
  • 详细信息显示
  • 放入我的书架
  • 预约/预借图书
  • 作者相关作品
  • 分类相关作品
  • 丛书相关作品
  • 出版社相关作品

书目信息

  • 表格格式
  • 工作单格式
  • 卡片格式
题名:
哈贝马斯的现代性社会理论
    
 
作者: 王晓升 著
分册:  
出版信息: 北京   社会科学文献出版社  2006
页数: 403页
开本: 22cm
丛书名: 国外马克思主义研究系列
单 册:
中图分类: C91-06
科图分类:
主题词: 社会学 , 社会学
电子资源:
ISBN: 7-80230-163-7
000 01150oam2 2200289 450
001 1254858630
005 20121004151521.01
010    @a7-80230-163-7@dCNY33.00
100    @a20060529d2006 em y0chiy50 ea
101 0  @achi
102    @aCN@b110000
105    @ay z 000yy
200 1  @a哈贝马斯的现代性社会理论@Aha bei ma si de xian dai xing she hui li lun@dHabermas's social theory of modernity@f王晓升著@zeng
210    @a北京@c社会科学文献出版社@d2006
215    @a403页@d22cm
225 2  @a国外马克思主义研究系列
330    @a本书评析了哈贝马斯关于系统和生活世界关系的社会理论问题。主要包括系统和生活世界、生活世界的结构和生活世界的理性化、现代化问题理论研究、民主法治国家与现代化问题的解决、哈贝马斯与现代性批判的理论转向等内容。
461  0 @12001 @a国外马克思主义研究系列
510 1  @aHabermas's social theory of modernity@zeng
600  0 @a哈贝马斯@c(Habermas, Jurgen@f1929~)@x社会学@x思想评论
600  0 @a哈贝马斯@c(Habermas, Jurgen@f1929~)
606 0  @a社会学
606 0  @a社会学
690    @aC91-06@v4
701  0 @a王晓升@Awang xiao sheng@f(1962~)@4著
801  0 @aCN@bNLC@c20101222
905    @a10447@dC91-06@eJY191
    
    哈贝马斯的现代性社会理论=Habermas's social theory of modernity/王晓升著.-北京:社会科学文献出版社,2006
    403页;22cm.-(国外马克思主义研究系列)
    
    
    ISBN 7-80230-163-7:CNY33.00
    本书评析了哈贝马斯关于系统和生活世界关系的社会理论问题。主要包括系统和生活世界、生活世界的结构和生活世界的理性化、现代化问题理论研究、民主法治国家与现代化问题的解决、哈贝马斯与现代性批判的理论转向等内容。
●
相关链接 在E读中查询图书 在五车中查询图书 在当当中查询图书 在豆瓣中查询图书


正题名:哈贝马斯的现代性社会理论     索取号:C91-06/JY191         预约/预借

序号 登录号 条形码 馆藏地/架位号 状态 备注
1 7810658   278106586   学院路分馆/ [索取号:C91-06/JY191] 在馆    
2 7810659   278106595   学院路分馆/ [索取号:C91-06/JY191] 在馆    
唐山师范学院图书馆 欢迎您!
大连网信软件有限公司© 版权所有